| 000 | 00376nam a2200145Ia 4500 | ||
|---|---|---|---|
| 008 | 240624s9999 xx 000 0 und d | ||
| 041 | _aeng | ||
| 082 | _a658.2 FRA | ||
| 100 | _aFRANCIS RICHARD L | ||
| 245 | _aFACILITY LAYOUT AND LOCATION AN ANALYTIC | ||
| 250 | _a(2nd ed.) | ||
| 260 |
_c2002 _aNew Delhi _bPrentice-Hall |
||
| 300 | _axvi, : 589 : p. : cm. ; 25 | ||
| 365 | _cRS | ||
| 999 |
_c212 _d212 |
||